| 000 | 00916cam a22002531 4500 | ||
|---|---|---|---|
| 001 | sa 68018530 | ||
| 003 | DLC | ||
| 005 | 20260227112712.0 | ||
| 008 | 880602s1961 io 000 0 ind | ||
| 010 | _asa 68018530 | ||
| 025 | _aPL480:Indo-8016 | ||
| 035 | _a(OCoLC)18034013 | ||
| 040 |
_aDLC _cCU _dCU _dDLC |
||
| 042 | _apremarc | ||
| 050 | 0 | 0 |
_aS471.I52 _bS44 |
| 110 | 2 |
_aUniversitas Sumatera Utara. _bPanitia Penjelidikan Pertanian Rakjat. |
|
| 245 | 1 | 0 | _aHasil penjelidikan mahasiswa tingkat III, Fakultas Pertanian, Universitas Sumatera Utara, Medan, dikampong Selesai, dari tanggal 26/12/1959 s/d 2/1/1960. |
| 260 |
_aMedan, _c1961. |
||
| 300 |
_a24 p. _c34 cm. |
||
| 490 | 1 |
_aSeri penjelidikan mahasiswa, _vlaporan 2 |
|
| 500 | _aCaption title. | ||
| 650 | 0 |
_aAgriculture _zIndonesia _zSelesai. |
|
| 810 | 2 |
_aUniversitas Sumatera Utara. _bFakultas Pertanian. _tSeri penjelidikan mahasiswa ; _vlaporan 2. |
|
| 999 |
_c88481 _d88481 |
||